000 00362 a2200133 4500
005 20250627115827.0
020 _a0-333-34640-8
082 _a657.48 LIM
100 _aLIMMACK, R. J.
245 _aFinancial Accounting and Reporting: An Introduction,
260 _bMACMILIAN,
_c1985.
300 _ax, 1985p,: ill.; figure
_bGlossary & Index
_c23cm
942 _2ddc
_cBKS
999 _c5609
_d5609